00416nam a2200121Ia 4500003000400000005001700004008004100021040001800062041000800080100004700088245012500135260003400260OSt20260202123805.0211028s2019 xx 000 0 und d cAIMIT LIBRARY aeng aLobo, Ashwil Josmon; Dias, Beena.g1716035 aMBA Education space in Karnataka- A comparative study of MBA Colleges with special reference to DK Udupi and Bangalore / aMangalorebJustin Jamesc2019